Alfabet do literki H - Statystyki

Ogólne statystyki
  • Ten quiz został rozwiązany 49 razy
  • Średni wynik to 8 z 8
Statystyki odpowiedzi
# Litera % Poprawnych
# C
100%
# H
100%
# A
98%
# B
98%
# D
98%
# F
98%
# E
96%
# G
96%
Nie znaleziono quizów pasujących do podanych kryteriów
Rozkład punktacji
Procent ludzi z każdym wynikiem
Percentyl według liczby udzielonych odpowiedzi
Twoja historia wyników
Nie rozwiązałeś tego quizu